004620000a22001210004500090001700000245010400017041001400121700003400135100003900169942001300208773010200221999001700323 aASbSeriadas10aFauna asociada a los manglares y otros humedales en el Delta-Estuario del río Magdalena, Colombia0 aEspañol1 aAlvarez León, Ricardo918841 aMoreno Bejarano, Luz Myriam913223 cARTICULO1 tRevista de Academia Colombiana de Ciencias Exactas, Físicas y Naturalesh105q517-534d2003g27 c15536d15536